000 00583nam a2200217 a 4500
001 8632
003 CO-ViMGA
008 141112s2004 ck r 000 u spa d
020 _a9681326474
040 _aCO-ViMGA
_bspa
_cCO-ViMGA
082 0 4 _aR551.46 G15a
100 1 _aGaneri, Anita
_949389
245 1 0 _aATLAS VISUAL DE LOS OCEANOS /
_cANITA
260 _aMEXICO,
_cED. DIANA,
_c1994
300 _a63 p. il., 34 cm
650 1 4 _aANIMALES MARINOS
_953171
650 1 4 _aBIOLOGIA MARINA
_98576
650 1 4 _aFAUNA MARINA
_98577
650 1 4 _aOCEANOGRAFIA
_98578
942 _2ddc
_cBK
999 _c20272
_d20272